000 00942nam a2200277 4500
001 0000019179
003 CO-CtgCURN
005 20250331185250.0
007 ta
008 160627s2007 000 0 eng d
020 _a9789588307084
040 _aCO-CtgCURN
_bspa
_ccoctgcurn
082 0 _a658.155
_bR618
100 1 _aRodríguez Taborda, Eduardo.
245 1 0 _aCasos de Administración de operaciones /
_cEduardo Rodríguez Taborda.
260 _aBogotá :
_bCESA y Mayol Ediciones,
_c2007.
300 _a187 p.
336 _2rdacontent
337 _2rdamedia
_asin mediacion
_bn
338 _2rdacarrier
_avolumen
_bnc
505 8 _aRelacion entre empresa y negocio.--Motivacion del desarrollo de tecnica de Investigación de operaciones
650 1 4 _aAdministración de la producción.
908 _a160627
942 _cBK
_h658.155
_iR618
_2ddc
999 _c24675
_d24675